000 00401nam a2200169Ia 4500
001 10808
003 IN-NITTTR
005 20251114233101.0
008 251113s9999||||xx |||||||||||||| ||eng||
040 _beng
040 _cIN-NITTTR
041 _aeng
082 _a808.0666 P282T
100 _aPauley, Steven E.
245 0 _aTechnical report writing today /
_cPauley, Steven E.
942 _2ddc
_cBK
999 _c13444
_d13444